| 000 | 00478nam a2200193Ia 4500 | ||
|---|---|---|---|
| 005 | 20140426100243.0 | ||
| 008 | 140130s9999 xx 000 0 und d | ||
| 020 | _a059039696x | ||
| 050 |
_aPZ 7 _b.P61464Mag 2004 |
||
| 100 |
_aPierce, Tamora _919642 |
||
| 245 |
_cTamora Pierce. _aThe circle opens / |
||
| 260 |
_bScholastic, _c2004. _aUSA : |
||
| 300 |
_a264 p. : _c19 cm. |
||
| 440 |
_v1 _931174 |
||
| 521 | _aG6 | ||
| 526 | _c800 | ||
| 942 |
_cBK _2lcc |
||
| 999 |
_c47375 _d47375 |
||